000 00367 a2200133 4500
005 20250611105339.0
020 _a978-0-07-148654-5
100 _aCALVIN, R. J
245 _aSales Management Demystified: A Self-Teaching Guide
250 _a13th Ed
260 _aNew York
_bMcgraw-hill Irwin
_c2007
300 _axiii, 400p.: ill; Table
_bIndex
_c23.5cm
942 _2ddc
_cBKS
999 _c3724
_d3724